Statistisches Jahrbuch 1984 für die Bundesrepublik Deutschland

Na minha lista:
Detalhes bibliográficos
Formato: Livro
Idioma:alemão
Publicado em: Wiesbaden Statistisches Bundesamt 1984
Tags: Adicionar Tag
Sem tags, seja o primeiro a adicionar uma tag!

MARC

LEADER 00000nam a2200000 4500
001 c114414
005 20041019155158.5
041 0 |a ger 
044 |a DE 
245 1 0 |a Statistisches Jahrbuch 1984 für die Bundesrepublik Deutschland 
264 1 |a Wiesbaden  |b Statistisches Bundesamt  |c 1984 
300 |a 790 s.